| 000 | 00584nam a2200229 i 4500 | ||
|---|---|---|---|
| 001 | C2-0273688 | ||
| 003 | PPAK | ||
| 005 | 20180728003000.0 | ||
| 008 | 060904s2005 tnu |||| ||||| | eng d | ||
| 020 | _a1932863400 | ||
| 040 |
_aPPAK _beng _cPPAK _erda |
||
| 082 | 0 | 4 |
_a158.1 _223 |
| 090 | 0 | 0 |
_a158.1 _bCON _dG |
| 245 | 0 | 0 | _aConversations on success |
| 264 | 1 |
_aTennessee : _bInsight Publishing , _c2005 |
|
| 300 |
_a315 pages ; _c23 cm |
||
| 336 |
_2rdacontent _atext |
||
| 337 |
_2rdamedia _aunmediated |
||
| 338 |
_2rdacarrier _avolume |
||
| 650 | 1 | 0 | _aSuccess. |
| 942 |
_ddc _cB |
||
| 999 |
_c81583 _d81583 |
||